Miseria de la teoría /

Detalles Bibliográficos
Autor principal: Thompson, E.P. (Edward Palmer), 1924-1993 (Autor)
Otros Autores: Sempere, Joaquim, 1941- (Traductor)
Formato: Electrónico eBook
Lenguaje:español
inglés
Publicado: Villa María, Córdoba, Argentina : Eduvim, 2021.
Colección:Colección Poliedros.
Materias:
Acceso en línea:Digitalia Hispánica

MARC

LEADER 00000nam a2200000Ii 4500
001 DIGEDUV0223
003 NyNyDIG
006 m o d
007 cr |||||||||||
008 240901s2021 ag ob 000 0 spa d
035 |a (OCoLC)1454785864 
040 |a DGITA  |b eng  |e rda  |e pn  |c DGITA 
020 |a 9789876996440  |q eBook 
020 |z 9789876996389 
041 1 |a spa  |h eng 
050 1 4 |a HC79.P6 ebook 
100 1 |a Thompson, E.P.  |q (Edward Palmer),  |d 1924-1993,  |e author. 
240 1 0 |a Poverty of theory or an orrery of errors.  |l Spanish  |s (Sempere) 
245 1 0 |a Miseria de la teoría /  |c E.P. Thompson ; traducción de Joaquim Sempere. 
264 1 |a Villa María, Córdoba, Argentina :  |b Eduvim,  |c 2021. 
300 |a 1 online resource. 
336 |a text  |b txt  |2 rdacontent 
337 |a computer  |b c  |2 rdamedia 
338 |a online resource  |b cr  |2 rdacarrier 
347 |a text file  |2 rdaft 
347 |b EPUB 
504 |a Includes bibliographical references. 
588 0 |a Online resource; title from ePub title page (Digitalia, viewed September 1, 2024) 
650 0 |a Socialism. 
650 0 |a Social history. 
700 1 |a Sempere, Joaquim,  |d 1941-  |e translator. 
700 1 |i Translation of:  |a Thompson, E.P.  |q (Edward Palmer),  |d 1924-1993.  |t Poverty of theory or an orrery of errors. 
776 0 8 |i Print version:  |a Thompson, E.P. (Edward Palmer), 1924-1993.  |s Poverty of theory or an orrery of errors. Spanish (Sempere).  |t Miseria de la teoría.  |d Villa María, Córdoba, Argentina : Eduvim, 2021  |z 9789876996389 
791 2 |a Digitalia (Firm),  |e distributor. 
793 0 |g Digitalia eBook Collection:  |a Ediciones Eduvim 
830 0 |a Colección Poliedros. 
856 4 0 |3 Digitalia Hispánica  |u https://www.digitaliapublishing.com/a/158215/ 
910 |a Premium collection: 2024